000 00489nam a2200193 a 4500
001 13902
003 CO-ViMGA
008 141112s2004 ck r 000 u spa d
020 _a842550855X
040 _aCO-ViMGA
_bspa
_cCO-ViMGA
082 0 4 _a796.352 L384c
100 1 _aLewis, Beverly
_920271
245 1 0 _aComo jugar al golf
260 _aBarcelona :
_bHispano Europea,
_c1999
300 _a288
590 _aForma de adquisición : Compra
650 1 4 _aGOLF
_93587
942 _2ddc
_cBK
999 _c24604
_d24604